Pokémon Stone Evolution Quiz - Statistics

General Stats
  • This quiz has been taken 11 times
  • The average score is 32 of 52
Answer Stats
Pokémon % Correct
Clefairy
100%
Eevee
100%
Eevee
100%
Eevee
100%
Eevee
100%
Eevee
100%
Vulpix
100%
Vulpix (Alolan)
100%
Pikachu
89%
Poliwhirl
89%
Gloom
78%
Gloom
78%
Growlithe
78%
Jigglypuff
78%
Kirlia (Male)
78%
Nidorina
78%
Nidorino
78%
Staryu
78%
Charjabug
67%
Helioptile
67%
Magneton
67%
Snorunt (Female)
67%
Togetic
67%
Weepinbell
67%
Misdreavus
56%
Murkrow
56%
Nuzleaf
56%
Roselia
56%
Sandshrew (Alolan)
56%
Shellder
56%
Skitty
56%
Cottonee
44%
Crabrawler
44%
Darumaka (Galarian)
44%
Doublade
44%
Floette
44%
Lombre
44%
Nosepass
44%
Panpour
44%
Pansage
44%
Pansear
44%
Petilil
44%
Capsakid
33%
Cetoddle
33%
Eelektrik
33%
Exeggcute
33%
Lampent
33%
Minccino
33%
Sunkern
33%
Voltorb (Hisuian)
33%
Munna
22%
Tadbulb
22%
No matching quizzes found
Score Distribution
Percent of People with Each Score
Percentile by Number Answered
Your Score History
You have not taken this quiz